| 000 | 00694nam a2200229 a 4500 | ||
|---|---|---|---|
| 005 | 20140310183302.0 | ||
| 008 | 050704s19uu xx 00 eng d | ||
| 020 | _a0534611591 | ||
| 050 |
_aHF 5381 _b.Sa192 2004 |
||
| 100 | _aSampson, James P. | ||
| 245 |
_aCareer counseling and services / _bJames P. Sampson. |
||
| 260 |
_aU.S.A : _bThomson Learning, _c2004. |
||
| 300 |
_a360 p. : _c23 cm. |
||
| 650 |
_aVocational guidance _xStudy and teaching. |
||
| 650 |
_aCareer development _xStudy and Teaching. |
||
| 650 | _aCognitive learning theory. | ||
| 700 | _aReardon, Robert C. | ||
| 700 | _aPeterson, Gary W. | ||
| 700 | _aLenz, Janet G. | ||
| 942 |
_cBK _2lcc _kFOR |
||
| 999 |
_c21016 _d21016 |
||